Les prénoms qui ont un sens initiale B - Statistiques

Statistiques générales
  • Ce quiz a été pris 92 fois
  • Le résultat moyen est 8 sur 20
Statistiques - réponses
Sens Sexe Prénom Célébrité ou personnage % Correct
Elevée F Brigitte Bardot
89%
Ours fort M Bernard Montiel
87%
Bienheureuse F Béatrice Dalle
79%
Béni M Benoît Magimel
74%
Roi M Basile Boli
68%
Ourse M Bernadette Soubirous
63%
Blanche F Bianca Castafiore
60%
Qui bégaie M Blaise Pascal
57%
Brun M Bruno Giordano
45%
Immerger M Baptiste -
35%
Bénie F Bénédicte d'Assise
30%
Illustre F Berthe Sylva
30%
Douce F Blandine de Lyon
14%
Audacieux M Baudouin de Belgique
8%
Barbare F Barbe Acarie
7%
Qui a bonne mine M Boniface de Castellane
7%
Audacieuse au combat F Bathilde des Francs
2%
Honorée F Bastienne -
1%
Ardente F Bibiane -
1%
Bienveillant M Bénigne de Dijon
0%
Aucun quiz correspondant
Distribution des résultats
% des personnes avec chaque résultat
Percentile par nombre de réponses
Votre historique - résultats
Vous n’avez pas pris ce quiz